000
00220 a2200097 4500
001
29940
100
_a
Tocci R
245
_a
Fundamentals of pulse and digital circuits
260
_a
_b
Merrill
_c
090
_c
19944
_d
19944
942
_a
NUST-CAE
_c
M
_c
11051
999
_c
265013
_d
265013